00971nab a22002177a 4500999001500000003000400015005001700019008004100036040000700077100003600084245014000120300001300260505018400273505007200457650002800529650002600557650001900583650003400602773010400636942001300740 c5821d5821OSt20260107120012.0190514b xxu||||| |||| 00| 0 spa d cPJ 96728aDi Pietro, Ana Candelaria10aCuidados y alimentos de niños, niñas y adolescentes desde una mirada de derechos humanos y de género /cAna Candelaria Di Pietro. ap. 31-46 aSumario: I. Introducción.— II. El cuidado como derecho humano.— III. Nivel de vida adecuado como derecho humano.— IV. Responsabilidad del Estado. Conclusiones provisorias. tSi te interesa el texto, comunicate a koha@justierradelfuego.gov.ar 09967aDERECHO DE FAMILIA 09614aDERECHOS HUMANOS 09968aALIMENTOS 094044aPERSPECTIVA DE GÉNERO0 0284493222dBuenos Aires : AbeledoPerrot, 1989-tDerecho de familia. N° 118 - Marzo 2025z18511201 2udccANA